La apariencia engaña. (Registro nro. 37519)
[ vista simple ]
| 000 -CABECERA | |
|---|---|
| campo de control de longitud fija | 00288nam a2200109 a 4500 |
| 005 - FECHA Y HORA DE LA ÚLTIMA TRANSACCIÓN | |
| campo de control | 20201002031147.0 |
| 008 - DATOS DE LONGITUD FIJA--INFORMACIÓN GENERAL | |
| campo de control de longitud fija | 130312s2012 000 spa d |
| 040 ## - FUENTE DE LA CATALOGACIÓN | |
| Centro catalogador/agencia de origen | DO-SdBNP |
| 100 ## - ENTRADA PRINCIPAL--NOMBRE DE PERSONA | |
| Nombre de persona | Guerien Batiste, Gilberto |
| 9 (RLIN) | 64157 |
| 245 #3 - MENCIÓN DE TÍTULO | |
| Título | La apariencia engaña. |
| 260 ## - PUBLICACIÓN, DISTRIBUCIÓN, ETC. | |
| Lugar de publicación, distribución, etc. | Santo Domingo, |
| Fecha de publicación, distribución, etc. | 2012. |
No hay ítems disponibles.
